| 000 | 01058nam a2200277 a 4500 | ||
|---|---|---|---|
| 001 | 37758 | ||
| 003 | BD-RjUL | ||
| 005 | 20211209052640.0 | ||
| 008 | 150622s1989 bg b 100 0 eng | ||
| 035 | _a(BD-RjUL) | ||
| 040 |
_aDLC _cDLC _dDLC _beng |
||
| 041 | _aeng | ||
| 082 | 0 | 0 |
_a327.5492 _220 _bISS 1989 |
| 245 | 0 | 0 |
_aIssues and challenges facing Bangladesh foreign policy / _cedited by M.G. Kabir, Shaukat Hassan. |
| 260 |
_aDhaka, Bangladesh : _bBangladesh Society of International Studies, _c1989. |
||
| 300 |
_axiv, 273 p. ; _c22 cm. |
||
| 500 | _aBased on the proceedings of the first annual Conference of the Bangladesh Society of International Studies held in Dhaka on Jan. 31, 1989 | ||
| 504 | _aIncludes bibliographical references. | ||
| 651 | 0 |
_aBangladesh _xForeign relations _xCongresses. _9116950 |
|
| 700 | 1 |
_aKabir, Muhammad Ghulam. _9116951 |
|
| 700 | 1 |
_aHassan, Shaukat. _9116952 |
|
| 710 | 2 |
_aBangladesh Society of International Studies. _9116953 |
|
| 942 |
_2ddc _cBK _01 |
||
| 999 |
_c37758 _d37758 |
||